02011nam a2200157 a 4500008004100000020001500041041000800056100002300064245005400087250001100141260002900152300001100181500008400192505156200276655001501838180306e1998 ck ||||g |||| 00| f spa d a9580443912 aspa1 aSanta Ana, Antonio4 aLos ojos del perro siberiano /cAntonio Santa Ana a1a ed. aColombia:bNorma;c1998. a135 p. aSanta Ana, A. (1998). Los ojos del perro siberiano. (1a ed.). Colombia : Norma. aLa historia la cuenta un chico que está a punto de viajar hacia otro país y desea desprenderse de toda la carga de su historia y la de su hermano fallecido. Entre su hermano mayor, que es el que ha fallecido, se llamaba Ezequiel, el era 13 años más grande. Su padre era un hombre muy riguroso e inflexible y sus energías estaban enfocadas en sus negocios. Su madre, una mujer que dedicaba todas sus atenciones a sus plantas que cultivaba en su casa. Vivían en una muy confortable y grande casa en San Isidro cerca del río. Ezequiel era el primogénito y por sus características físicas ojos azules pelo negro, deportista y por haber sido durante muchos años hijo único era el preferido de los padres. El hermano menor, en cambio, tenía ojos y pelo marrón y no había sido un hijo deseado, por lo tanto permanecía al margen de muchos asuntos que involucraban a la familia, en especial cuando comenzaron los problemas por la rebeldía de Ezequiel. La novia de Ezequiel había quedado embarazada y él desafió a sus padres y a los amigos de sus padres, negándose a casar con su novia que interrumpió su embarazo. Después Ezequiel enfermó de SIDA y sus padres rompieron toda relación con él y evitaron que los dos hermanos se comunicaran. Contaron a sus amistades que Ezequiel estaba enfermo de leucemia, ya que les parecía menos vergonzoso para la familia. Descubrir que su hermano está enfermo de sida lleva al narrador de esta novela a reflexionar sobre la vida, la muerte, la discriminación y la soledad. aLiteratura